Śrī Vāmanayan gē Kāvyālaṅkāra sūtra vr̥ttiya. (Record no. 85059)

MARC details
000 -LEADER
fixed length control field 00829cam a22002651 4500
001 - CONTROL NUMBER
control field sa 68013358
003 - CONTROL NUMBER IDENTIFIER
control field DLC
005 - DATE AND TIME OF LATEST TRANSACTION
control field 20260227112621.0
008 - FIXED-LENGTH DATA ELEMENTS--GENERAL INFORMATION
fixed length control field 910920s1966 ce b 000 0 sino
010 ## - LIBRARY OF CONGRESS CONTROL NUMBER
LC control number sa 68013358
035 ## - SYSTEM CONTROL NUMBER
System control number (OCoLC)24427722
040 ## - CATALOGING SOURCE
Original cataloging agency DLC
Transcribing agency WaU
Modifying agency DLC
041 0# - LANGUAGE CODE
Language code of text/sound track or separate title snhsan
050 00 - LIBRARY OF CONGRESS CALL NUMBER
Classification number PK2916
Item number .V2817
100 0# - MAIN ENTRY--PERSONAL NAME
Personal name Vāmana,
Dates associated with a name active 800.
245 10 - TITLE STATEMENT
Title Śrī Vāmanayan gē Kāvyālaṅkāra sūtra vr̥ttiya.
260 ## - PUBLICATION, DISTRIBUTION, ETC.
Date of publication, distribution, etc. [1966]
300 ## - PHYSICAL DESCRIPTION
Extent lxxii, 152 p.
Dimensions 18 cm.
500 ## - GENERAL NOTE
General note Sanskrit and Sinhalese; introductory matter and notes in Sinhalese.
504 ## - BIBLIOGRAPHY, ETC. NOTE
Bibliography, etc. note Includes bibliographical references.
650 #0 - SUBJECT ADDED ENTRY--TOPICAL TERM
Topical term or geographic name entry element Sanskrit language
General subdivision Rhetoric.
650 #0 - SUBJECT ADDED ENTRY--TOPICAL TERM
Topical term or geographic name entry element Poetics
Form subdivision Early works to 1800.
700 1# - ADDED ENTRY--PERSONAL NAME
Personal name Kulasūriya, Ānanda Salgādu,
Dates associated with a name 1925-
740 0# - ADDED ENTRY--UNCONTROLLED RELATED/ANALYTICAL TITLE
Uncontrolled related/analytical title Kāvyālaṅkāra sūtra vr̥ttiya.

No items available.

Powered by Koha